000 00843nam a2200253 i 4500
001 7926
003 ES-MaACL
005 20250725232349.0
007 t|
008 910611s1989 sp |||| |dspa d
020 _a84-87065-03-1
080 _a929 Juan de la Cruz, Santo (0:82)
080 _a860-14"16/19"(082.2)
245 0 0 _aAntología poética sobre San Juan de la Cruz /
_c[selección de] Ismael Bengoechea.
260 _aSevilla :
_bMiriam,
_c[1989]
300 _a467 p. ;
_c21 cm.
490 1 _aTemas sanjuanistas. Estudios monográficos ;
_v2
600 0 4 _aJuan de la Cruz
_cSanto-
_vPoesías.
_967113
650 7 _aPoesías españolas
_2embne
_916214
700 1 _aBengoechea, Ismael.
_927568
830 0 _aTemas sanjuanistas. Estudios monográficos ;
_v2
_9227936
852 _aES-MaACL
_jL-15295
999 _c7926
_d7926